Welcome to CU Library Online Public Access Catalogue (OPAC)

Environmental Economics (Record no. 3600)

MARC details
000 -LEADER
fixed length control field 00429nam a22001577a 4500
005 - DATE AND TIME OF LATEST TRANSACTION
control field 20250207190608.0
008 - FIXED-LENGTH DATA ELEMENTS--GENERAL INFORMATION
fixed length control field 250207b |||||||| |||| 00| 0 eng d
020 ## - INTERNATIONAL STANDARD BOOK NUMBER
International Standard Book Number 818712590X
050 ## - LIBRARY OF CONGRESS CALL NUMBER
Classification number HC79
Item number .E5 EUG
100 ## - MAIN ENTRY--PERSONAL NAME
Personal name Eugine T.
245 ## - TITLE STATEMENT
Title Environmental Economics
Statement of responsibility, etc. T. Eugine
260 ## - PUBLICATION, DISTRIBUTION, ETC.
Place of publication, distribution, etc. New Delhi
Name of publisher, distributor, etc. Vrinda Publication (P) LTD.
Date of publication, distribution, etc. 2004
300 ## - PHYSICAL DESCRIPTION
Extent xii. 496p.
Dimensions 21.5 cm x 14 cm
650 ## - SUBJECT ADDED ENTRY--TOPICAL TERM
Source of heading or term Economics
942 ## - ADDED ENTRY ELEMENTS (KOHA)
Source of classification or shelving scheme Library of Congress Classification
Koha item type Books
Suppress in OPAC No
999 ## -
-- 3600
-- 3600
Holdings
Withdrawn status Lost status Source of classification or shelving scheme Damaged status Not for loan Collection Home library Current library Shelving location Date acquired Total checkouts Full call number Barcode Date last seen Copy number Price effective from Koha item type
    Library of Congress Classification     Non-fiction Business Library (Miotso) Business Library (Miotso) General stacks 02/07/2025   HC79 .E5 EUG BSSM00000754 02/07/2025 1 02/07/2025 Books
    Library of Congress Classification     Non-fiction Business Library (Miotso) Business Library (Miotso) General stacks 02/07/2025   HC79 .E5 EUG BSSM00000755 02/07/2025 2 02/07/2025 Books
    Library of Congress Classification     Non-fiction Business Library (Miotso) Business Library (Miotso) General stacks 02/07/2025   HC79 .E5 EUG BSSM00000756 02/07/2025 3 02/07/2025 Books
    Library of Congress Classification     Non-fiction Business Library (Miotso) Business Library (Miotso) General stacks 02/07/2025   HC79 .E5 EUG BSSM00000757 02/07/2025 4 02/07/2025 Books
© 2023-2024 Copyright: Central University Libraries. All Rights Reserved | Created by: Mahone Tech Office